[Event "Kimry Rating op 35th"]
[Site "Kimry"]
[Date "2007.05.30"]
[Round "3"]
[White "Zhegalin, Evgeniy"]
[Black "Pakhteev, Yury"]
[Result "1-0"]
[WhiteElo "2137"]
[BlackElo "2309"]
[PlyCount "143"]
[EventDate "2007.05.28"]
[EventType "swiss"]
[EventRounds "7"]
[EventCountry "RUS"]
[SourceTitle "EXT 2008"]
[Source "ChessBase"]
[SourceDate "2007.11.25"]
[SourceVersion "1"]
[SourceVersionDate "2007.11.25"]
[SourceQuality "1"]

1. e4 e6 2. Nc3 d5 3. d4 Bb4 4. e5 c5 5. Nf3 Ne7 6. a3 Bxc3+ 7. bxc3 b6 8. Bb5+ Bd7 9. a4 Bxb5 10. axb5 cxd4 11. cxd4 Qc7 12. Qd3 h6 13. Ba3 0-0 14. Bd6 Qb7 15. 0-0 Rc8 16. Rfc1 Nf5 17. c4 dxc4 18. Rxc4 a6 19. Rac1 Rxc4 20. Qxc4 axb5 21. Qc8+ Qxc8 22. Rxc8+ Kh7 23. g4 Ra1+ 24. Kg2 Nxd6 25. exd6 Nd7 26. Rc7 Nf6 27. d7 Nxd7 28. Rxd7 b4 29. Rb7 Ra6 30. Nd2 Ra2 31. Nc4 Rc2 32. Nxb6 Rd2 33. d5 exd5 34. Na4 Rd4 35. h3 h5 36. gxh5 Kh6 37. Rb5 Kxh5 38. Nb6 Kh4 39. Nxd5 b3 40. Ne3 g6 41. Rxb3 f5 42. Rb6 Kg5 43. Nf1 Rf4 44. Kg3 Ra4 45. Nh2 f4+ 46. Kg2 Ra5 47. Nf3+ Kh5 48. Rf6 g5 49. Nh2 Ra8 50. Ng4 Rh8 51. Kf3 Rh7 52. Rxf4 Ra7 53. Rf6 Ra3+ 54. Ne3 Rb3 55. Rf8 Ra3 56. Rh8+ Kg6 57. Rc8 Rb3 58. Kg4 Rb4+ 59. Rc4 Rb2 60. Rc6+ Kh7 61. f3 Re2 62. Nf5 Rg2+ 63. Ng3 Ra2 64. Kxg5 Ra4 65. Rc7+ Kg8 66. f4 Ra5+ 67. Nf5 Kh8 68. h4 Kg8 69. Rd7 Kh8 70. Kg6 Ra6+ 71. Nd6 Ra8 72. Rd8+ 1-0

[Event "Kimry-ch"]
[Site "Kimry"]
[Date "2007.01.07"]
[Round "8"]
[White "Asrian, Armen"]
[Black "Zhegalin, Evgeniy"]
[Result "0-1"]
[WhiteElo "2178"]
[BlackElo "2141"]
[PlyCount "72"]
[EventDate "2007.01.02"]
[EventType "swiss"]
[EventRounds "9"]
[EventCountry "RUS"]
[SourceTitle "EXT 2010"]
[Source "ChessBase"]
[SourceDate "2010.11.25"]
[SourceVersion "1"]
[SourceVersionDate "2010.11.25"]
[SourceQuality "1"]

1. e4 c6 2. d4 d5 3. Nc3 dxe4 4. Nxe4 Bf5 5. Ng3 Bg6 6. Nf3 Nf6 7. Ne5 e6 8. h4 Nbd7 9. h5 Nxe5 10. hxg6 Nxg6 11. c3 Bd6 12. Bd3 Bxg3 13. fxg3 Qd6 14. Qf3 0-0-0 15. Bg5 Qd5 16. Bxf6 Qxf3 17. gxf3 gxf6 18. 0-0-0 h5 19. Rde1 Kd7 20. Re2 f5 21. Reh2 f4 22. Rxh5 fxg3 23. Bxg6 fxg6 24. Rxh8 Rxh8 25. Rg1 Rh3 26. a4 Ke7 27. b4 Kf6 28. Kd2 Kg5 29. Ke3 Kh4 30. c4 Rh2 31. b5 Kh3 32. Kf4 g2 33. bxc6 bxc6 34. Ke5 Rh1 35. Rxg2 Kxg2 36. Kxe6 Kxf3 0-1

[Event "Kimry-ch"]
[Site "Kimry"]
[Date "2007.01.03"]
[Round "4"]
[White "Makhnev, Vladimir"]
[Black "Zhegalin, Evgeniy"]
[Result "1-0"]
[WhiteElo "2310"]
[BlackElo "2141"]
[PlyCount "47"]
[EventDate "2007.01.02"]
[EventType "swiss"]
[EventRounds "9"]
[EventCountry "RUS"]
[SourceTitle "EXT 2010"]
[Source "ChessBase"]
[SourceDate "2010.11.25"]
[SourceVersion "1"]
[SourceVersionDate "2010.11.25"]
[SourceQuality "1"]

1. e4 c5 2. Nf3 d6 3. d4 cxd4 4. Nxd4 Nf6 5. Nc3 a6 6. Be3 Nc6 7. g3 e5 8. Nb3 Be6 9. Qd2 Be7 10. 0-0-0 0-0 11. g4 b5 12. g5 Nd7 13. Nd5 Bxd5 14. exd5 Nd4 15. Bxd4 exd4 16. f4 Nc5 17. Nxd4 Ne4 18. Qe3 Qa5 19. Nc6 Qxa2 20. Nxe7+ Kh8 21. Qxe4 Qa1+ 22. Kd2 Qxb2 23. Bd3 g6 24. Rb1 1-0